[Event "Washington State-chB"]
[Site "Kirkland"]
[Date "2020.02.09"]
[Round "4"]
[White "Nguyen, Thanh Tien"]
[Black "Frantz, Joseph"]
[Result "1-0"]
[WhiteElo "1985"]
[BlackElo "1927"]
[PlyCount "91"]
[EventDate "2020.02.08"]
[EventType "tourn"]
[EventRounds "9"]
[EventCountry "USA"]
[SourceTitle "EXT 2023"]
[Source "ChessBase"]
[SourceDate "2022.10.05"]
[SourceVersion "1"]
[SourceVersionDate "2022.10.05"]
[SourceQuality "1"]

1. e4 e5 2. Nf3 Nc6 3. Bc4 Nf6 4. Ng5 d5 5. exd5 Na5 6. Bb5+ c6 7. dxc6 bxc6 8. Be2 h6 9. Nh3 Bc5 10. d3 0-0 11. Nc3 Rb8 12. Ne4 Bxh3 13. Nxc5 Qd5 14. Bf3 Qxc5 15. gxh3 e4 16. dxe4 Nxe4 17. Be3 Qe7 18. Qd3 Ng5 19. Bg2 Rxb2 20. 0-0 Rfb8 21. Rfe1 Qb4 22. Bxa7 Ra8 23. Bd4 Rxa2 24. Bc3 Qa4 25. Rxa2 Qxa2 26. Ra1 Qe6 27. Rxa5 Rxa5 28. Bxa5 Qa2 29. Bd2 Qa1+ 30. Bf1 Ne6 31. Qc3 Qa4 32. Qc4 Qxc4 33. Bxc4 Nd4 34. Bc3 Nxc2 35. Kf1 g5 36. Bd3 Na3 37. Bb4 Nb5 38. Bxb5 cxb5 39. Ke2 Kg7 40. Kf3 Kg6 41. h4 f5 42. Kg3 Kf6 43. hxg5+ hxg5 44. h4 gxh4+ 45. Kxh4 Ke5 46. Kg5 1-0